Molecular spectroscopy: principles & chemical applications. (Record no. 85318)

MARC details
000 -LEADER
fixed length control field 00428nam a2200145Ia 4500
008 - FIXED-LENGTH DATA ELEMENTS--GENERAL INFORMATION
fixed length control field 210210b1980 xxu||||| |||| 00| 0 eng d
082 ## - DEWEY DECIMAL CLASSIFICATION NUMBER
Classification number 541.224 SINM
100 ## - MAIN ENTRY--PERSONAL NAME
Personal name SINGH (P R) & DIKSHIT (S K).
245 ## - TITLE STATEMENT
Title Molecular spectroscopy: principles & chemical applications.
260 ## - PUBLICATION, DISTRIBUTION, ETC.
Place of publication, distribution, etc. N D
Name of publisher, distributor, etc. S. Chand & Co. Ltd.
Date of publication, distribution, etc. 1980
300 ## - PHYSICAL DESCRIPTION
Extent vii,125
650 ## - SUBJECT ADDED ENTRY--TOPICAL TERM
Topical term or geographic name entry element Molecular Spectroscopy
690 ## - LOCAL SUBJECT ADDED ENTRY--TOPICAL TERM (OCLC, RLIN)
Topical term or geographic name as entry element Theoretical Chemistry
906 ## - LOCAL DATA ELEMENT F, LDF (RLIN)
a 034550
Holdings
Withdrawn status Lost status Damaged status Not for loan Collection code Home library Current library Shelving location Date acquired Cost, normal purchase price Total Checkouts Full call number Barcode Date last seen Price effective from Koha item type
          St Aloysius Library St Aloysius Library   02/17/2021 15.00   541.224 SINM 034550 02/17/2021 02/17/2021 Book